|
|
|
|
| LEADER |
00993pam a22002418a 4500 |
| 001 |
00038875 |
| 005 |
20171026081025.0 |
| 008 |
170517s1994 ||||||Viesd |
| 041 |
0 |
# |
|a Vie
|
| 082 |
1 |
4 |
|a 907
|b M458S
|
| 100 |
1 |
# |
|a Phan, Ngọc Liên
|
| 245 |
1 |
0 |
|a Một số vấn đề về phương pháp dạy học lịch sử, lịch sử Việt Nam và Đông Nam Á
|b Tài liệu BDTX chu kỳ 1993-1996 cho giáo viên lịch sử phổ thông trung học
|c Phan Ngọc Liên, Trương Hữu Quýnh, Đinh Ngọc Bảo
|
| 260 |
# |
# |
|a Hà Nội
|b [Hà Nội]
|c 1994
|
| 300 |
# |
# |
|a 167 tr.
|c 21 cm
|
| 653 |
# |
# |
|a dạy học lịch sử
|
| 653 |
# |
# |
|a Đông Nam Á
|
| 653 |
# |
# |
|a lịch sử Việt Nam
|
| 852 |
# |
# |
|b Kho mượn
|j KM.0022165
|
| 852 |
# |
# |
|b Kho đọc
|j KD.0021087
|
| 852 |
# |
# |
|j KD.0021087
|j KM.0022165
|
| 910 |
|
|
|d 17/05/2017
|
| 980 |
# |
# |
|a Trung tâm Học liệu Lê Vũ Hùng, Trường Đại học Đồng Tháp
|